000 00576nam a2200181Ia 4500
003 IN-BaIIA
008 211028s9999 xx 000 0 eng d
040 _cIIA Library
080 _a910.4
_bTHO
100 _aThomson, Wyville C.
_917
245 0 _aReport on the scientific results of the voyage of H M S Challenger the year 1873 - 76
_bvol. 2, deep sea deposits
_cWyville C. Thomson and John Murray
260 _aLondon
_bH.M. Stationery Office
_c1891
300 _axxix, 525p.
650 _aExpeditions
_918
650 _aVoyages
_919
700 _aMurray, John
_920
942 _cBK
999 _c53
_d53